RISC-V Processor Architectures for Safety-Critical Applications

Uložené v:
Podrobná bibliografia
Hlavný autor: Mach, Ján (Autor)
Ďalší autori: Kohútka, Lukáš (Vedúci práce)
Médium: Rukopis Kniha
Jazyk:Slovak
English
Vydavateľské údaje: 2025
Predmet:
On-line prístup:http://is.stuba.sk/zp/portal_zp.pl?podrobnosti=179283
Tagy: Pridať tag
Žiadne tagy, Buďte prvý, kto otaguje tento záznam!

MARC

LEADER 00000ntm a22000003a 4500
001 stuzp91755
003 SK-STU
005 20250830210510.2
007 ta
008 150427s2015----xo-----f-mn---000-0-slo-d
040 |a STU  |b slo 
041 0 |a eng 
100 1 |a Mach, Ján  |u 070200  |k Z3  |4 aut  |U FIIT Fakulta informatiky a informačných technológií  |T FIIT Ústav informatiky, informačných systémov a softvérového inžinierstva  |X 92443  |U I200  |Y 179  |7 92443 
242 0 1 |a Architektúry procesorov RISC-V pre aplikácie kritické z hľadiska spoľahlivosti  |y slo 
245 1 0 |a RISC-V Processor Architectures for Safety-Critical Applications 
260 |c 2025 
650 4 |a spoľahlivosť  |2 slo 
650 4 |a procesor  |2 slo 
650 4 |a RISC-V  |2 slo 
650 4 |a safety  |2 eng 
650 4 |a processor  |2 eng 
650 4 |a RISC-V  |2 eng 
700 1 |a Kohútka, Lukáš  |4 ths  |X 5813  |7 A000005813 
856 4 |u http://is.stuba.sk/zp/portal_zp.pl?podrobnosti=179283